| 000 -LEADER |
| fixed length control field |
00401nam a22001457a 4500 |
| 020 ## - INTERNATIONAL STANDARD BOOK NUMBER |
| ISBN |
9780071283403 |
| 050 ## - LIBRARY OF CONGRESS CALL NUMBER |
| Classification number |
HG 4001 ros |
| 100 ## - MAIN ENTRY--AUTHOR NAME |
| Personal name |
ROSS, Stephen A. |
| 245 ## - TITLE STATEMENT |
| Title |
Essentials of corporate finance |
| 250 ## - EDITION STATEMENT |
| Edition statement |
6th |
| 260 ## - PUBLICATION, DISTRIBUTION, ETC. (IMPRINT) |
| Place of publication |
New York |
| Name of publisher |
McGraw-Hill / Irwin |
| Year of publication |
2008 |
| 300 ## - PHYSICAL DESCRIPTION |
| Number of Pages |
xxxvi, 620p., illus, includes index |
| 700 ## - ADDED ENTRY--PERSONAL NAME |
| Personal name |
WESTERFIELD, Randolph W. and JORDAN, Bradford D. |
| 942 ## - ADDED ENTRY ELEMENTS (KOHA) |
| Koha item type |
Books |